000 00738nam a2200229Ia 4500
003 OSt
005 20220925170033.0
006 a|||||r|||| 00| 0
007 ta
008 220923b |||||||| |||| 00| 0 eng d
037 _cGeneral Book
040 _aRTL
_cRTL
_beng
041 _2eng
_aeng
082 _az.216.N62 - N61 t5, K2/GD
110 _aAndhra Pardesh, (Govt. of-)
_9235559
245 0 _aDetails of schemes in the third five-year plan
_b Budget estimates 1961-62.
260 _aAnndhra
_bPradesh Govt. of Andhra Pradesh.
_c1961
300 _aiii; 420p.
_ccm.
700 _aAndhra Pardesh, (Govt. of-)
_9235560
942 _hz.216.N62 - N61 t5, K2/GD
_cGB
_2CC
999 _c478966
_d478966